The radiology acquired immune deficiency syndrome (Record no. 281)

MARC details
000 -LEADER
fixed length control field 00504nam a22001697a 4500
003 - CONTROL NUMBER IDENTIFIER
control field OSt
005 - DATE AND TIME OF LATEST TRANSACTION
control field 20260203091937.0
008 - FIXED-LENGTH DATA ELEMENTS--GENERAL INFORMATION
fixed length control field 250614b |||||||| |||| 00| 0 eng d
020 ## - INTERNATIONAL STANDARD BOOK NUMBER
International Standard Book Number 978-1854570253
040 ## - CATALOGING SOURCE
Transcribing agency Outspan Global University
050 ## - LIBRARY OF CONGRESS CALL NUMBER
Classification number RT108
Item number .B36 1993
100 ## - MAIN ENTRY--PERSONAL NAME
Dates associated with a name BANERJEE K. ARPAN
Relator term Author
245 ## - TITLE STATEMENT
Title The radiology acquired immune deficiency syndrome
Statement of responsibility, etc. by Arpan K. Banerjee
260 ## - PUBLICATION, DISTRIBUTION, ETC.
Place of publication, distribution, etc. Bristol, United Kingdom:
Name of publisher, distributor, etc. Clinical Press Ltd,
Date of publication, distribution, etc. c1993
300 ## - PHYSICAL DESCRIPTION
Extent 132p
942 ## - ADDED ENTRY ELEMENTS (KOHA)
Source of classification or shelving scheme Library of Congress Classification
Koha item type Books
Suppress in OPAC No
Holdings
Withdrawn status Lost status Source of classification or shelving scheme Damaged status Not for loan Home library Current library Shelving location Date acquired Total checkouts Full call number Barcode Date last seen Price effective from Koha item type
    Library of Congress Classification     Main Campus 2nd Floor Main Library General stacks 06/14/2025   RT108.B36 1993 100528 06/14/2025 06/14/2025 Books